Treasure island / (Record no. 5292)
[ view plain ]
| 000 -LEADER | |
|---|---|
| fixed length control field | 00453cam a2200181ua 4500 |
| 041 ## - LANGUAGE CODE | |
| Language code of text/sound track or separate title | eng |
| 082 ## - DEWEY DECIMAL CLASSIFICATION NUMBER | |
| Classification number | 823.308 |
| Item number | STE/TR |
| 100 ## - MAIN ENTRY--AUTHOR NAME | |
| Personal name | Stevenson, Robet Louis. |
| 245 ## - TITLE STATEMENT | |
| Title | Treasure island / |
| 250 ## - EDITION STATEMENT | |
| Edition statement | 3 / |
| 260 ## - PUBLICATION, DISTRIBUTION, ETC. (IMPRINT) | |
| Place of publication | London : |
| Name of publisher | Oxford University Press , |
| Year of publication | 1929. |
| 300 ## - PHYSICAL DESCRIPTION | |
| Number of Pages | 139 ; |
| Accompanying material | Atlas. |
| 942 ## - ADDED ENTRY ELEMENTS (KOHA) | |
| Koha item type | Books |
| Withdrawn status | Lost status | Damaged status | Home library | Current library | Date acquired | Full call number | Accession Number | Koha item type |
|---|---|---|---|---|---|---|---|---|
| Withdrawn | Damaged | KAUAET | KAUAET | 07/04/2012 | 823.308 | 11073 | Books |
